000
00309nam a22001457a 4500
008
210604b ||||| |||| 00| 0 eng d
020
_a
9780534175269
041
_a
eng
080
_2
5th
_a
541
082
_a
541
100
_a
12
101
_a
KIM
245
_a
College Chemistry
_c
Hein,M
942
_2
udc
_c
BK
999
_c
57963
_d
57963